书目信息 |
| 题名: |
蛋白质组学
|
|
| 作者: | Pennington , Dunn 著 ;钱小红 译 | |
| 分册: | ||
| 出版信息: | 北京 科学出版社 2002 |
|
| 页数: | 17,245页 | |
| 开本: | 26cm | |
| 丛书名: | 现代生物技术译丛 | |
| 单 册: | ||
| 中图分类: | Q51 | |
| 科图分类: | ||
| 主题词: | 蛋白质--研究 , 蛋白质 | |
| 电子资源: | ||
| ISBN: | 7-03-010747-0 | |
| 000 | 01135nam0 2200313 450 | |
| 000 | 01142nam0 2200313 450 | |
| 000 | 01076nam0 2200289 450 | |
| 000 | 01039nam0 2200277 45 | |
| 005 | 20070528133530.68 | |
| 010 | @a7-03-010747-0@b精装@dCNY45.00 | |
| 100 | @a20070419d2002 em y0chiy0120 ea | |
| 101 | 1 | @achi@ceng |
| 102 | @aCN@b110000 | |
| 105 | @aa z 000yy | |
| 200 | 1 | @a蛋白质组学@ADan Bai Zhi Zu Xue@1有蛄械焦δ@f(英)S.R.Pennington,(英)M.J.Dunn等著@F( Ying )S.R.Pennington,( Ying )M.J.Dunn Deng Zhu@g钱小红等译 |
| 210 | @a北京@c科学出版社@d2002 | |
| 215 | @a17,245页@c图@d26cm | |
| 225 | 2 | @a现代生物技术译丛 |
| 330 | @a本书着重探讨了基因组学与蛋白质组学的相互关系,蛋白质组研究方法,蛋白质组研究的自动化,蛋白质组分析在药物开发中的应用,糖生物学与蛋白质组学等。 | |
| 410 | 0 | @12001 @a现代生物技术译丛 |
| 510 | 1 | @aProteomics : From Protein Sequence to Function@zeng |
| 606 | 0 | @a蛋白质@x研究 |
| 606 | 0 | @a蛋白质 |
| 690 | @aQ51@v4 | |
| 701 | 1 | @aPennington@bS.R.@4著 |
| 701 | 1 | @aDunn@gM.J.@4著 |
| 702 | 0 | @a钱小红@AQian Xiao Hong@4译 |
| 801 | 0 | @aCN@bTAOJIN@c20070528 |
| 905 | @a10447@dQ51@e129 | |
| 蛋白质组学/(英)S.R.Pennington,(英)M.J.Dunn等著/钱小红等译.-北京:科学出版社,2002 |
| 17,245页:图;26cm.-(现代生物技术译丛) |
| ISBN 7-03-010747-0(精装):CNY45.00 |
| 本书着重探讨了基因组学与蛋白质组学的相互关系,蛋白质组研究方法,蛋白质组研究的自动化,蛋白质组分析在药物开发中的应用,糖生物学与蛋白质组学等。 |
| ● |
| 相关链接 |
|
|
|
|
正题名:蛋白质组学
索取号:Q51/129
 
预约/预借
| 序号 | 登录号 | 条形码 | 馆藏地/架位号 | 状态 | 备注 |
| 1 | 0523338 | 205233380 | 第二样本阅览室/ [索取号:Q51/129] | 在馆 | |
| 2 | 0523339 | 205233399 | 第三借阅区/ [索取号:Q51/129] | 在馆 | |
| 3 | 0523340 | 205233406 | 第三借阅区/ [索取号:Q51/129] | 在馆 | |
| 4 | 0523341 | 205233415 | 第三借阅区/ [索取号:Q51/129] | 在馆 | |
| 5 | 0523342 | 205233424 | 第三借阅区/ [索取号:Q51/129] | 在馆 | |
| 6 | 0523343 | 205233433 | 第三借阅区/ [索取号:Q51/129] | 在馆 | |
| 7 | 0523344 | 205233442 | 第三借阅区/ [索取号:Q51/129] | 在馆 | |
| 8 | 0523345 | 205233451 | 第三借阅区/ [索取号:Q51/129] | 在馆 |